Bezpečnosť práce ako súčasť ekonomického vzdelávania
Dôležitý význam zvyšovania bezpečnosti a ochrany zdravia pri práci. Výchova a vzdelávanie v oblasti bezpečnosti práce. Bezpečnosť práce ako súčasť ekonomického vzdelávania. Ciele výchovy a vzdelávania zamestnancov v oblasti BOZP.
Gespeichert in:
| 1. Verfasser: | |
|---|---|
| Format: | Buchkapitel |
| Sprache: | Slowakisch |
| Schlagworte: | |
| Tags: |
Keine Tags, Fügen Sie das erste Tag hinzu!
|
MARC
| LEADER | 00000nla a2200000 4500 | ||
|---|---|---|---|
| 001 | 0194728 | ||
| 005 | 20240502073249.4 | ||
| 041 | 0 | |a slo | |
| 044 | |a SK | ||
| 245 | 1 | 0 | |a Bezpečnosť práce ako súčasť ekonomického vzdelávania |c Natália Matkovčíková |
| 520 | |a Dôležitý význam zvyšovania bezpečnosti a ochrany zdravia pri práci. Výchova a vzdelávanie v oblasti bezpečnosti práce. Bezpečnosť práce ako súčasť ekonomického vzdelávania. Ciele výchovy a vzdelávania zamestnancov v oblasti BOZP. | ||
| 610 | 2 | 0 | |a vzdelávanie |
| 610 | 2 | 0 | |a bezpečnosť práce |
| 610 | 2 | 0 | |a ochrana zdravia |
| 610 | 2 | 0 | |a prostredie pracovné |
| 610 | 2 | 0 | |a pracovníci |
| 610 | 2 | 0 | |a zamestnanci |
| 610 | 2 | 0 | |a zamestnávatelia |
| 100 | 1 | |a Matkovčíková, Natália, 1982- | |